Ekonomika cestovného ruchu a podnikanie vedecký časopis Obchodnej fakulty Ekonomickej univerzity v Bratislave

Saved in:
Bibliographic Details
Format: Serial
Language:Slovak
Published: Bratislava Katedra služieb a cestovného ruchu OBF EU 2023
Tags: Add Tag
No Tags, Be the first to tag this record!

MARC

LEADER 00000nas2a2200000 4500
001 0295331
005 20230711075255.1
022 |a 2453-9988 
041 0 |a slo 
044 |a SK 
245 1 0 |a Ekonomika cestovného ruchu a podnikanie  |b vedecký časopis Obchodnej fakulty Ekonomickej univerzity v Bratislave 
264 1 |a Bratislava  |b Katedra služieb a cestovného ruchu OBF EU  |c 2023 
773 0 |w eu_un_cat*0226455